Detekcia a lokalizácia miesta dopadu na vybranej konštrukcii pomocou frekvenčnej a modálnej analýzy

Salvato in:
Dettagli Bibliografici
Autore principale: Zmitko, Patrik (Autore)
Altri autori: Gašparovič, Ľuboš (Relatore della tesi)
Natura: Manoscritto Libro
Lingua:slovacco
Pubblicazione: 2025
Soggetti:
Accesso online:http://is.stuba.sk/zp/portal_zp.pl?podrobnosti=185110
Tags: Aggiungi Tag
Nessun Tag, puoi essere il primo ad aggiungerne!!

MARC

LEADER 00000ntm a22000003a 4500
001 stuzp104967
003 SK-STU
005 20250621210433.8
007 ta
008 150427s2015----xo-----f-mn---000-0-slo-d
040 |a STU  |b slo 
041 0 |a slo 
100 1 |a Zmitko, Patrik  |u 020010  |4 aut  |U SjF Strojnícka fakulta  |T SjF Ústav aplikovanej mechaniky a mechatroniky  |X 104007  |U J0010  |Y 801  |7 104007 
242 0 1 |a Detection and Localisation of an Impact on a Selected Structure Using Frequency and Modal Analysis  |y eng 
245 1 0 |a Detekcia a lokalizácia miesta dopadu na vybranej konštrukcii pomocou frekvenčnej a modálnej analýzy 
260 |c 2025 
650 4 |a frekvenčná analýza  |2 slo 
650 4 |a inverzný problém  |2 slo 
650 4 |a lokalizácia  |2 slo 
650 4 |a Localisation  |2 eng 
650 4 |a Frequency Analysis  |2 eng 
650 4 |a Inverse Problem  |2 eng 
700 1 |a Gašparovič, Ľuboš  |u 020010  |k Z1  |4 ths  |U SjF Strojnícka fakulta  |T SjF Ústav aplikovanej mechaniky a mechatroniky  |X 54841  |U J0010  |Y 801  |7 54841 
856 4 |u http://is.stuba.sk/zp/portal_zp.pl?podrobnosti=185110